| 000 | 00676nam a22002057a 4500 | ||
|---|---|---|---|
| 999 |
_c65109 _d65109 |
||
| 005 | 20210325210023.0 | ||
| 008 | s2010 eng d | ||
| 020 | _a9789743074097 | ||
| 040 | _aNALT | ||
| 041 | _aeng | ||
| 090 |
_aKU 139 _bH67W 2010 |
||
| 100 | 1 |
_aHoskin, John _931626 |
|
| 245 | 1 | 0 |
_aWise counsel : _ba history of Tilleke & Gibbins Thailand's oldest law firm / _cJohn Hoskin. |
| 260 |
_aBangkok : _bTilleke & Gibbins International, _c2010. |
||
| 300 |
_a236 p. : _bill. ; |
||
| 650 | 0 |
_aLaw firms _931627 _zThailands _xHistory |
|
| 850 | _aNALT | ||
| 942 |
_cLB _2local |
||